Nghiên cứu sử dụng vi nấm trichoderma Sp. và Aper gillus SP. để bóc vỏ tiêu xanh

Cơ quan chủ trì: Đại học Thủ Dầu Một; Đề tài NCKH sinh viên khoa Tự nhiên

Sparad:
Bibliografiska uppgifter
Huvudupphovsman: Trần, Thị Ngọc Như
Materialtyp: Bok
Språk:Undetermined
Publicerad: Bình Dương 2014
Ämnen:
Länkar:http://lrc.tdmu.edu.vn/opac/search/detail.asp?aID=2&ID=37206
Taggar: Lägg till en tagg
Inga taggar, Lägg till första taggen!
Thư viện lưu trữ: Trung tâm Học liệu Trường Đại học Thủ Dầu Một
LEADER 00840nam a2200169Ia 4500
001 TDMU_37206
008 210410s9999 xx 000 0 und d
082 |a 895.92209003 
100 |a Trần, Thị Ngọc Như 
245 0 |a Nghiên cứu sử dụng vi nấm trichoderma Sp. và Aper gillus SP. để bóc vỏ tiêu xanh 
245 0 |c Trần Thị Ngọc Như, TS. Vũ Đình Luận (hướng dẫn) 
260 |a Bình Dương 
260 |c 2014 
520 |a Cơ quan chủ trì: Đại học Thủ Dầu Một; Đề tài NCKH sinh viên khoa Tự nhiên 
650 |a Báo cáo khoa học; Vi nấm trichoderma Sp.; Aper gillus SP; Tiêu xanh  
856 |u http://lrc.tdmu.edu.vn/opac/search/detail.asp?aID=2&ID=37206 
980 |a Trung tâm Học liệu Trường Đại học Thủ Dầu Một